| 000 | 00603nam a2200217 a 4500 | ||
|---|---|---|---|
| 005 | 20220915064204.0 | ||
| 008 | 080219s2007 mx r 000 0 spa d | ||
| 020 | _a9788421625804 | ||
| 035 | _aUPN01000154288 | ||
| 049 | _aCG | ||
| 050 | 4 |
_aPQ6662 A7.7 _bS6.5 2007 |
|
| 100 | 1 |
_aLatorre, Jose María, _d1945- _934299 |
|
| 245 | 1 | 0 |
_aUna sombra blanca / _cJosé María Latorre. |
| 250 | _a9a ed. | ||
| 260 |
_aMadrid : _bBruño, _c2007. |
||
| 300 | _a166 p. | ||
| 440 | 0 |
_aParalelo cero ; _v3 |
|
| 650 | 0 |
_aAmistad _vNovela _98175 |
|
| 650 | 4 |
_aVIAJES Y TRAVESIAS - _vNOVELA _911538 |
|
| 905 | _aLibro | ||
| 999 |
_c126405 _d126405 |
||